Manual de historia universal : prehistoria /

Primer tomo del "Manual de historia universal", que abarca desde el contexto geológico que enmarca la aparición de la humanidad hasta las últimas etapas de la prehistoria en el norte y este de Europa, que el autor Martín Almagro Basch sitúa en pleno siglo XII d.C.

में बचाया:
ग्रंथसूची विवरण
मुख्य लेखक: Almagro, Martín (autor)
स्वरूप: पुस्तक
भाषा:स्पेनिश
प्रकाशित: Madrid, España : Espasa-Calpe, 1960, c1960
श्रृंखला:(Manual de Historia Universal ; 1)
विषय:
टैग: टैग जोड़ें
कोई टैग नहीं, इस रिकॉर्ड को टैग करने वाले पहले व्यक्ति बनें!

MARC

LEADER 00000nam^a2200000^a^4500
001 000103409
005 20250521000000.0
009 20260526122134.383
037 |a Acervo ITESO - Biblioteca 
041 |a ESP 
082 |a 909.  |b MAN V. 1 
100 |a Almagro, Martín  |e (autor) 
240 1 1 |a [Manual de historia universal] 
245 1 0 |a Manual de historia universal :  |b prehistoria /  |c M. Almagro. 
264 4 |a Madrid, España :  |b Espasa-Calpe,  |c 1960, c1960 
300 |a 918 p. 
336 |a texto  |b txt  |2 rdacontenido 
337 |a sin mediación  |b n  |2 rdamedio 
338 |a volumen  |b nc  |2 rdasoporte 
440 1 |a (Manual de Historia Universal ;  |v 1) 
520 |a Primer tomo del "Manual de historia universal", que abarca desde el contexto geológico que enmarca la aparición de la humanidad hasta las últimas etapas de la prehistoria en el norte y este de Europa, que el autor Martín Almagro Basch sitúa en pleno siglo XII d.C. 
649 |a XX 
650 |a Hombre -  |x Origen 
650 |a Hombre Prehistórico 
650 |a Edad de Piedra -  |x Historia 
650 |a Edad de Bronce -  |x Historia 
650 |a Edad de Hierro -  |x Historia 
650 |a Prehistoria -  |x Tema Principal 
650 |a Historia Universal 
650 |a Arqueología 
650 |a Geología 
650 |a Paleontología 
910 |a Fondo Jesús Rodríguez 
920 |a Impresos - Libros 
930 |a Fondos Especiales 
905 |a 113 
901 |a 0500039127  |b IT2  |c ESP  |u 20250521 
902 |a https://opac.biblio.iteso.mx/vufind/Record/000103409